Spell the Avenger #33 - Statistics

General Stats
  • This quiz has been taken 8 times
  • The average score is 11 of 13
Answer Stats
Picture Answer % Correct
Invisible Woman
100%
Iron Lad
100%
Nick Fury
100%
Red Hulk
100%
Thor
100%
Echo
88%
Quake
88%
U.S. Agent
88%
Quasar
75%
Quentin Quire
63%
Ulysses Bloodstone
63%
Ex Nihilo
50%
Nikki
50%
No matching quizzes found
Score Distribution
Percent of People with Each Score
Percentile by Number Answered
Your Score History
You have not taken this quiz